| 000 | 00667cam a22002411 4500 | ||
|---|---|---|---|
| 001 | 8405457 | ||
| 003 | OSt | ||
| 005 | 20170105101210.0 | ||
| 008 | 720121s1957 njua 000 0 eng | ||
| 010 | _a 57005097 | ||
| 035 | _a(OCoLC)225322 | ||
| 040 |
_aDLC _cODaWU _dOCoLC _dDLC |
||
| 050 | 0 | 0 |
_aBF636 _b.B747 1957 |
| 082 | _a150.13 | ||
| 100 | 1 |
_aBurtt, Harold E. _q(Harold Ernest), _d1890- |
|
| 245 | 1 | 0 | _aApplied psychology. |
| 250 | _a2d ed. | ||
| 260 |
_aEnglewood Cliffs, N.J., _bPrentice-Hall, _c1957. |
||
| 300 |
_a592 p. _billus. _c24 cm. |
||
| 650 | 0 | _aPsychology, Applied. | |
| 906 |
_a7 _bcbc _coclcrpl _du _encip _f19 _gy-gencatlg |
||
| 942 |
_2ddc _cBK |
||
| 999 |
_c3167 _d3167 |
||